Software requirement change effort estimation an algorithmic approach / (Record no. 201788)

MARC details
000 -LEADER
fixed length control field 00692nam a2200205 4500
005 - DATE AND TIME OF LATEST TRANSACTION
control field 20240326171714.0
010 ## - LCCN (DPL NO)
LC control number ENG-139919
020 ## - INTERNATIONAL STANDARD BOOK NUMBER
International Standard Book Number 9788194951773
Terms of availability 949.00
035 ## - SYSTEM CONTROL NUMBER
System control number EN-123451
037 ## - SOURCE OF ACQUISITION
Source of stock number/acquisition DBAD
082 ## - DEWEY DECIMAL CLASSIFICATION NUMBER
Classification number 005.3
100 ## - MAIN ENTRY--PERSONAL NAME
Personal name Nazri Kama
245 ## - TITLE STATEMENT
Title Software requirement change effort estimation an algorithmic approach /
Statement of responsibility, etc by Nazri Kama , Sufyan Basri and Yasir Mahmood
260 ## - PUBLICATION, DISTRIBUTION, ETC. (IMPRINT)
Place of publication, distribution, etc Kolkata
Name of publisher, distributor, etc Exceller Books
Date of publication, distribution, etc 2020
270 ## - ADDRESS
Address G1 Dream Apartment , Degree College Road, Belgharia,
City Kolkata
Postal code 700056
300 ## - PHYSICAL DESCRIPTION
Extent 199p.:
Other physical details ill.
Dimensions 21cm(pbk)
700 ## - ADDED ENTRY--PERSONAL NAME
Personal name Sufyan Basri
9 (RLIN) 63908
700 ## - ADDED ENTRY--PERSONAL NAME
Personal name Yasir Mahmood
9 (RLIN) 63959
942 ## - ADDED ENTRY ELEMENTS (KOHA)
Source of classification or shelving scheme Dewey Decimal Classification
Item type English Books
Classification part 005.3
Call number suffix NAZ
Holdings
Withdrawn status Lost status Not for loan Collection code Home library Current library Date acquired Source of acquisition Cost, normal purchase price Full call number Barcode Copy number Cost, replacement price Koha item type
      Non-fiction Bawana Bawana 26/03/2024 DBAD 949.00 005.3 NAZ EN-123451 1 949.00 English Books

© Delhi Public Library
Hit Counter
free hit counter